Southville International School and Colleges
Your cart is empty.
  • Cart
  • Lists
    Public lists list_1 View all
    Your lists Log in to create your own lists
  • Log in to your account
  • Your cookies
  • Search history
Southville International School and Colleges
  • Advanced search
  • Recent comments
  • Most popular
  • Libraries

Log in to your account

Log in with GOOGLE


If you do not have an external account, but do have a local account, you can still log in:

  1. Home
  2. MARC view: Edexcel IGCSE Physics :
Normal view MARC view ISBD view

Edexcel IGCSE Physics : (Record no. 101588)

[ view plain ]
MARC details
000 -LEADER
fixed length control field 00671nam a2200253 a 4500
005 - DATE AND TIME OF LATEST TRANSACTION
control field 20140412092524.0
008 - FIXED-LENGTH DATA ELEMENTS--GENERAL INFORMATION
fixed length control field 110920s19uu xx 00 eng d
020 ## - INTERNATIONAL STANDARD BOOK NUMBER
International Standard Book Number 978-0-435966-90-4
050 ## - LIBRARY OF CONGRESS CALL NUMBER
Classification number CD 530
Item number A752 2009
100 ## - MAIN ENTRY--PERSONAL NAME
Personal name Arnold, Brian
245 ## - TITLE STATEMENT
Title Edexcel IGCSE Physics :
Remainder of title ActiveBook CD-ROM /
Statement of responsibility, etc Brian Arnold, Steve Woolley, Penny Johnson.
260 ## - PUBLICATION, DISTRIBUTION, ETC. (IMPRINT)
Place of publication, distribution, etc England :
Name of publisher, distributor, etc Pearson education Limited,
Date of publication, distribution, etc 2009.
650 ## - SUBJECT ADDED ENTRY--TOPICAL TERM
Topical term or geographic name as entry element Physics
700 ## - ADDED ENTRY--PERSONAL NAME
Personal name Woolley, Steve
700 ## - ADDED ENTRY--PERSONAL NAME
Personal name Johnson, Penny
942 ## - ADDED ENTRY ELEMENTS (KOHA)
Koha item type Audio Visual Materials
Holdings
Withdrawn status Lost status Source of classification or shelving scheme Damaged status Home library Current library Shelving location Date acquired Source of acquisition Total Checkouts Total Renewals Full call number Barcode Checked out Date last seen Date checked out Price effective from Koha item type Public note
Withdrawn   Library of Congress Classification   Luxembourg Library Luxembourg Library Audio Visual Material Section 09/20/2011 Donation 2 1 CD 530 A752 2009 AV1465 10/28/2025 04/12/2014 04/12/2014 04/12/2014 Audio Visual Materials On Loan by Anthony Calado (AY 2012-2013)

Edexcel IGCSE Physics :

APA

Arnold B., Woolley S. & Johnson P. (2009). Edexcel IGCSE Physics. England: Pearson education Limited.

Chicago

Arnold Brian, Woolley Steve and Johnson Penny. 2009. Edexcel IGCSE Physics. England: Pearson education Limited.

Harvard

Arnold B., Woolley S. and Johnson P. (2009). Edexcel IGCSE Physics. England: Pearson education Limited.

MLA

Arnold Brian, Woolley Steve and Johnson Penny. Edexcel IGCSE Physics. England: Pearson education Limited. 2009.

  • Print
  • Cite
  • Add to your cart (remove)
  • Save record
    BIBTEX Dublin Core MARCXML MARC (non-Unicode/MARC-8) MARC (Unicode/UTF-8) MARC (Unicode/UTF-8, Standard) MODS (XML) RIS
  • More searches
    Search for this title in:
    Other Libraries (WorldCat) Other Databases (Google Scholar) Online Stores (Bookfinder.com) Open Library (openlibrary.org)

Exporting to Dublin Core...

SOUTHVILLE LIBRARY

Southville International School and Colleges Library

1281 Tropical Ave. Cor. Luxembourg St., BF Homes International, Las Pinas City

Tel. No. 8256374 / 252358 Loc. 117/146

Powered by Koha